000 00357nam a22001337a 4500
005 20200619131228.0
008 200619b xxu||||| |||| 00| 0 eng d
082 _a345.4 LIC
110 _aALL INDIA REPORTER
_96209
245 _aLABOUR AND INDUSTRIAL CASES [1982] P-I V-25
260 _aMUMBAI
_bALL INDA REPORTER
_c1992
650 _aLAW
_95701
942 _cJRL
999 _c7304
_d7302